000 01362nam0a2200373 4500
001 RU\NLR\bibl\260102
005 20250620125709.0
010 _a5-94271-001-5
_93000
021 _aRU
_b2002-347
_919
035 _a(NLR Aleph) 000255771
090 _a1493223
_c1493223
100 _a20020419d2002 |||y0rusy50 ca
101 0 _arus
102 _aRU
105 _aa |||||||||
200 1 _aУчебник пользователя IBM PC
_fА. Микляев
205 _aАбсолютно новое изд. попул. кн.
210 _aМ.
_cАльтекс-А
_d2002
215 _a702 с.
_cил.
_d24
320 _aАлф. указ.: с. 671-702
606 0 _aIBM, персональные компьютеры
_jРуководства, пособия и т.п.
_92074043
_3RU\NLR\auth\661249007
606 0 _aIBM, персональные компьютеры
_jУчебные издания
_92074043
_3RU\NLR\auth\661249007
610 0 _aКомпьютеры персональные
675 _a004.382.7(078)
_v3
_zrus
686 _a50
_2rugasnti
686 _a32.973.26я7
_2rubbk
686 _aЗ973.23я7
700 1 _aМикляев
_bА. П.
_gАлександр Петрович
_4070
801 0 _aRU
_bRKP
_c20020419
_gPSBO
801 1 _aRU
_bRKP
_c20020419
801 2 _aRU
_bNLR
_c20020617
_grcr
942 _cBOOK
980 _aNB